Normal view MARC view
  • Tila, Hassan Bin (TCC-19)

Entry Personal Name

Number of records used in: 0

001 - CONTROL NUMBER

  • control field: 132020

003 - CONTROL NUMBER IDENTIFIER

  • control field: NUST

005 - DATE AND TIME OF LATEST TRANSACTION

  • control field: 20251124130417.0

008 - FIXED-LENGTH DATA ELEMENTS

  • fixed length control field: 251124|| aca||aabn | a|a d

040 ## - CATALOGING SOURCE

  • Original cataloging agency: NUST
  • Transcribing agency: NUST

100 ## - HEADING--PERSONAL NAME

  • Personal name: Tila, Hassan Bin (TCC-19)

670 ## - SOURCE DATA FOUND

  • Source citation: Work cat.: (NUST)188989: Tila, Hassan Bin (TCC-19), Novel UWB-Based through the wall imaging system /, August 2011
© 2023 Central Library, National University of Sciences and Technology. All Rights Reserved.